000 00264nam a22001097a 4500
040 _cSK
082 _a631
100 _aត្រាន់ ថាន់កាញ់
245 _aធរណីវិទ្យា
260 _aRUA
_bត្រាន់
_c1992
942 _cKB
999 _c9573
_d9573